Statistics for A Quiz About Rings

Click here to take the quiz!

General Stats

  • This quiz has been taken 8,844 times
  • The average score is 12 of 20

Answer Stats

QuestionAnswer% Correct
Which planet of the solar system has the most prominent rings?Saturn
99%
What type of ring is given on the 5th day of Christmas?Golden Ring
86%
Who sang "Single Ladies (Put a Ring on It)"?
Beyoncé
81%
Who was responsible for carrying the Ring of Power into Mordor?Frodo Baggins
80%
What seismically-active region surrounds most of the Pacific Ocean?Ring of Fire
78%
Where would you see a ringmaster?At the circus
77%
What do the rings on the Olympic Flag represent?Continents
75%
What is the last word to the nursery rhyme "Ring Around the Rosie"?Down
72%
What type of ring changes color depending on body temperature?Mood ring
66%
Take the previous answer. Who sang a song with that title?
Johnny Cash
60%
What exploded due to a faulty o-ring seal in 1986?Space Shuttle Challenger
59%
What type of ring did Vladimir Putin allegedly steal from New England Patriots
owner Robert Kraft?
Super Bowl Ring
59%
What three words come after "with this ring" in a traditional marriage ceremony?I thee wed
53%
Who, according to the title of a movie, always rings twice?The Postman
49%
What object was cursed in the 2002 horror movie "The Ring"?Videotape
46%
What English city is home to the Bull Ring shopping center?Birmingham
44%
Who wrote a series of four operas known as the "Ring Cycle"?Richard Wagner
43%
Almost all people have two of these on their body ...Ring finger
43%
What are fairy rings made of?Mushrooms
34%
What country uses the ringgit as its currency?Malaysia
25%

Score Distribution

Percentile by Number Answered

Percent of People with Each Score

Your Score History

You have not taken this quiz